000 00794am a2200301a 44500
003 AR-BaBNM
005 20251128211024.0
008 020710s1961 #AR|||||||||||000 | esp||
040 _cAR-BaBNM
100 1 _aFriedmann, Georges
245 1 0 _a¿A dónde va el trabajo humano?
260 _aBuenos Aires
_bSudamericana
_c1961
300 _a427 p.
500 _aApéndices en p.395,399,408
504 _aContiene: orientación bibliográfica en p.415
650 4 _aTRABAJO
650 4 _aTECNOLOGIA
650 4 _aTECNICA
650 4 _aINDUSTRIA
650 4 _aSOCIOLOGIA INDUSTRIAL
650 4 _aPSICOSOCIOLOGIA
650 4 _aFORMACION TECNICA
650 4 _aVALORES
651 4 _aEstados Unidos
700 1 _aVela, María Elena
_etraductor
942 _cBK
998 _calicia
999 _c17930
_d17930